000 00688nam a2200241Ia 4500
003 OSt
005 20220928134909.0
006 a|||||r|||| 00| 0
007 ta
008 220927b |||||||| |||| 00| 0 eng d
024 _a90240
037 _cTextual
040 _aSDCL
_cSDCL
_beng
041 _2eng
_aeng
082 _aQ23:226, P1.2
100 _aVyas
_9391917
245 0 _aKedarakhandaha.2V
260 _aVaranasi
_bSampurnanand Sanskrit University
_c2001
490 _vV1 448p.
_aGanganatha jha-granthmala. 17
700 _a Dwivedi Vachaspati Ed.
_9412790
942 _hQ23:226, P1.2
_cTEXL
_2CC
999 _c804136
_d804136